Whitmore.

Saved in:
Bibliographic Details
Main Author: Shapiro, Fred C.
Format: Book
Language:English
Published: [London] : Macmillan, [1970].
Subjects:
LEADER 00713nam a2200217 a 4500
001 c000346830
003 CARM
005 00000000000000.0
008 851003s1970 enk 00000 eng d
019 1 |a 3969933  |5 LACONCORD2021 
035 |a (OCoLC)59040693  |5 LACONCORD2021 
050 0 0 |a KF224  |b W54S5 
100 1 |a Shapiro, Fred C. 
245 0 0 |a Whitmore. 
260 |a [London] :  |b Macmillan,  |c [1970]. 
300 |a 230 p. 
600 1 0 |a Whitmore, George. 
852 8 |b CARM  |h A1:AM23G0  |i B09543  |p 0433333  |f BK 
082 0 4 |a 364.15230924 
999 f f |i 542bdd6e-cfb5-561a-8afb-95ce78b3bed6  |s ca15298a-29fa-54f8-a494-df4fc70450ed 
952 f f |p Can circulate  |a CAVAL  |b CAVAL  |c CAVAL  |d CARM 1 Store  |e B09543  |f A1:AM23G0  |h Other scheme  |i book  |m 0433333